[Event "Tuapse op"]
[Site "Tuapse"]
[Date "2022.06.19"]
[Round "3"]
[White "Nadjezhdin, Dmitry"]
[Black "Teymurkhanly, Teymur"]
[Result "1-0"]
[WhiteElo "2108"]
[BlackElo "1799"]
[PlyCount "87"]
[EventDate "2022.06.17"]
[EventType "swiss"]
[EventRounds "9"]
[EventCountry "RUS"]
[SourceTitle "CBM 209 Extra"]
[Source "ChessBase"]
[SourceDate "2022.09.30"]
[SourceVersion "1"]
[SourceVersionDate "2022.09.30"]
[SourceQuality "1"]

1. d4 Nf6 2. Nf3 d5 3. c4 e6 4. g3 dxc4 5. Bg2 Bb4+ 6. Bd2 a5 7. 0-0 0-0 8. Qc2 Bxd2 9. Nbxd2 b5 10. a4 c6 11. Rfd1 Na6 12. Ne4 Nb4 13. Qb1 Nxe4 14. Qxe4 Rb8 15. h4 f6 16. h5 Qc7 17. Bh3 Re8 18. Bf5 h6 19. Bg6 Re7 20. Nh4 f5 21. Qb1 Bd7 22. Ra3 c5 23. dxc5 Qxc5 24. axb5 Qxb5 25. g4 Nc6 26. gxf5 exf5 27. Bxf5 Bxf5 28. Nxf5 Re6 29. Rg3 Kh8 30. Rxg7 Rf8 31. Nd4 Kxg7 32. Nxb5 Ne5 33. Nd4 Ref6 34. Nf3 Nf7 35. Rd4 Rc8 36. Rg4+ Kf8 37. Qh7 Rcc6 38. Rg6 a4 39. Rxf6 Rxf6 40. Qe4 Rb6 41. Qa8+ Kg7 42. Qxa4 Rxb2 43. Qxc4 Rb1+ 44. Kg2 1-0

[Event "St Petersburg Chess Day"]
[Site "St Petersburg"]
[Date "2018.07.18"]
[Round "4"]
[White "Bajarani, Ulvi"]
[Black "Nadjezhdin, Dmitry"]
[Result "1-0"]
[WhiteElo "2441"]
[BlackElo "2184"]
[PlyCount "127"]
[EventDate "2018.07.15"]
[EventType "tourn"]
[EventRounds "9"]
[EventCountry "RUS"]
[EventCategory "3"]
[SourceTitle "EXT 2019"]
[Source "ChessBase"]
[SourceDate "2018.10.10"]
[SourceVersion "1"]
[SourceVersionDate "2018.10.10"]
[SourceQuality "1"]

1. d4 d5 2. c4 c6 3. Nc3 Nf6 4. e3 g6 5. Nf3 Bg7 6. Be2 0-0 7. 0-0 b6 8. Qb3 Bb7 9. cxd5 cxd5 10. Bd2 Nc6 11. Rfc1 Qd6 12. Qa4 Rac8 13. Be1 Qb8 14. b4 e6 15. Qb3 Rfd8 16. Nd1 e5 17. b5 e4 18. bxc6 exf3 19. Bxf3 Rxc6 20. Rxc6 Bxc6 21. a4 Bf8 22. Bb4 Bd6 23. Bxd6 Qxd6 24. Nc3 Ne4 25. Bxe4 dxe4 26. a5 Bd5 27. Qa3 Qc6 28. axb6 axb6 29. Qb4 Rb8 30. h3 b5 31. Ra5 Bc4 32. Na4 Ra8 33. Nc5 Rxa5 34. Qxa5 Bd5 35. Qd8+ Kg7 36. Qb8 h5 37. Qe5+ Kg8 38. Qe7 Kg7 39. Nd7 Qe6 40. Qf8+ Kh7 41. Qd8 Kg7 42. Nc5 Qc6 43. Qb8 Kh7 44. Kf1 Kg7 45. Ke1 Qa8 46. Qxa8 Bxa8 47. Kd2 h4 48. Kc3 Bd5 49. Kb4 Bc4 50. Nxe4 Bf1 51. g3 Bg2 52. Ng5 f6 53. Ne6+ Kf7 54. Nf4 hxg3 55. fxg3 Bf1 56. h4 g5 57. hxg5 fxg5 58. Nd5 Ke6 59. e4 Bd3 60. Nc3 g4 61. Kc5 b4 62. Kxb4 Bxe4 63. Nxe4 Kd5 64. Nf6+ 1-0

[Event "Pardubice Czech op-A 24th"]
[Site "Pardubice"]
[Date "2013.07.24"]
[Round "6"]
[White "Jedlicka, Ales"]
[Black "Nadjezhdin, Dmitry"]
[Result "1/2-1/2"]
[WhiteElo "2226"]
[BlackElo "2300"]
[PlyCount "79"]
[EventDate "2013.07.19"]
[EventType "swiss"]
[EventRounds "9"]
[EventCountry "CZE"]
[SourceTitle "CBM 155 Extra"]
[Source "ChessBase"]
[SourceDate "2013.08.26"]
[SourceVersion "1"]
[SourceVersionDate "2013.08.26"]
[SourceQuality "1"]

1. d4 Nf6 2. c4 c6 3. Nc3 d5 4. Nf3 dxc4 5. a4 Bf5 6. e3 e6 7. Bxc4 Bb4 8. 0-0 0-0 9. Qe2 Bg4 10. Rd1 Qa5 11. e4 Qh5 12. e5 Bxf3 13. gxf3 Bxc3 14. bxc3 Nd5 15. Bd2 f6 16. f4 Qf7 17. Bd3 fxe5 18. fxe5 Nf4 19. Bxf4 Qxf4 20. Qe3 Nd7 21. Rab1 b6 22. Qxf4 Rxf4 23. Bf1 Raf8 24. Bh3 Kf7 25. Bg2 Rc8 26. a5 Ke7 27. axb6 axb6 28. Ra1 Rc7 29. c4 Kf7 30. Ra6 c5 31. d5 Nxe5 32. Rxb6 Nxc4 33. Rxe6 Rf6 34. Rc6 Rfxc6 35. dxc6 Ne5 36. Rd5 Ke6 37. Rxc5 Kd6 38. Rd5+ Ke6 39. Rc5 Kd6 40. Rd5+ 1/2-1/2

[Event "Pardubice Czech op-A 24th"]
[Site "Pardubice"]
[Date "2013.07.23"]
[Round "5"]
[White "Nadjezhdin, Dmitry"]
[Black "Gretarsson, Hjorvar Steinn"]
[Result "0-1"]
[WhiteElo "2300"]
[BlackElo "2511"]
[PlyCount "112"]
[EventDate "2013.07.19"]
[EventType "swiss"]
[EventRounds "9"]
[EventCountry "CZE"]
[SourceTitle "CBM 155 Extra"]
[Source "ChessBase"]
[SourceDate "2013.08.26"]
[SourceVersion "1"]
[SourceVersionDate "2013.08.26"]
[SourceQuality "1"]

1. Nf3 Nf6 2. c4 e6 3. g3 d5 4. b3 Be7 5. Bb2 b6 6. Bg2 Bb7 7. 0-0 0-0 8. e3 a5 9. Nc3 Nbd7 10. d3 Nc5 11. Ne5 Bd6 12. Nb5 Bxe5 13. Bxe5 c6 14. Nd4 Qe7 15. Ne2 Rfd8 16. Qc2 Ncd7 17. Bb2 e5 18. a4 c5 19. Nc3 Nf8 20. e4 d4 21. Nd5 Nxd5 22. exd5 Ng6 23. Rae1 Qd6 24. Qe2 Rf8 25. h4 f6 26. Bc1 Rae8 27. h5 Nh8 28. Qg4 Bc8 29. Qh4 Bf5 30. Rd1 Qd7 31. Rfe1 Nf7 32. Be4 h6 33. Qh1 Nd6 34. f3 Bxe4 35. fxe4 Qg4 36. Kg2 f5 37. exf5 Rxf5 38. Qh4 Qf3+ 39. Kg1 Qf2+ 40. Kh1 Ref8 41. Qg4 R5f6 42. Re2 Qf5 43. Qxf5 Rxf5 44. g4 Rf1+ 45. Rxf1 Rxf1+ 46. Kg2 Rxc1 47. Rxe5 Kf7 48. Re6 Ne8 49. Rxb6 Rc3 50. Rb7+ Kf8 51. Rb5 Rxd3 52. Rxc5 Rxb3 53. Rxa5 d3 54. Kf2 d2 55. Ke2 Rd3 56. Kd1 Nd6 0-1

[Event "Pardubice Czech op-A 24th"]
[Site "Pardubice"]
[Date "2013.07.21"]
[Round "3"]
[White "Nadjezhdin, Dmitry"]
[Black "Bernasek, Jan"]
[Result "0-1"]
[WhiteElo "2300"]
[BlackElo "2551"]
[PlyCount "130"]
[EventDate "2013.07.19"]
[EventType "swiss"]
[EventRounds "9"]
[EventCountry "CZE"]
[SourceTitle "CBM 155 Extra"]
[Source "ChessBase"]
[SourceDate "2013.08.26"]
[SourceVersion "1"]
[SourceVersionDate "2013.08.26"]
[SourceQuality "1"]

1. c4 Nf6 2. Nc3 d5 3. cxd5 Nxd5 4. g3 g6 5. Bg2 Nb6 6. Nf3 Bg7 7. 0-0 Nc6 8. d3 0-0 9. Be3 h6 10. Rb1 Kh7 11. Nd2 Nd4 12. Nb3 e5 13. Na5 c6 14. b4 Rb8 15. Nb3 Qe7 16. Nc5 Rd8 17. Qc1 a5 18. Qa3 axb4 19. Qxb4 Nd5 20. Nxd5 Nxe2+ 21. Kh1 cxd5 22. Na6 Qxb4 23. Rxb4 Ra8 24. Nc7 Rxa2 25. Nxd5 Nd4 26. Rb6 Ra6 27. Rfb1 Be6 28. Nc7 Rxb6 29. Rxb6 Bf5 30. Be4 Rd7 31. Ne8 Bxe4+ 32. dxe4 Nc6 33. Bc5 Nd8 34. Kg2 Ne6 35. Bb4 Kg8 36. Nd6 Nd8 37. Ne8 Rd4 38. Kf3 Rd3+ 39. Ke2 Rd7 40. h4 h5 41. Bd2 Nc6 42. Bh6 Bh8 43. Bg5 Kf8 44. Nf6 Bxf6 45. Bxf6 Ke8 46. Ke3 Rc7 47. Rb5 Kd7 48. Bxe5 Nxe5 49. Rxe5 b6 50. Rb5 Rb7 51. Kd4 Kc6 52. Rb3 b5 53. f4 Kd6 54. f5 gxf5 55. exf5 b4 56. Ke4 f6 57. g4 hxg4 58. Kf4 Kd5 59. h5 Kc4 60. Rb1 b3 61. Kxg4 Rh7 62. Rc1+ Kd3 63. Rc6 Rb7 64. Rd6+ Ke2 65. Rc6 b2 0-1

[Event "St Petersburg Ligovo"]
[Site "St Petersburg"]
[Date "2010.03.12"]
[Round "8"]
[White "Fedoseev, Vladimir1"]
[Black "Nadjezhdin, Dmitry"]
[Result "1-0"]
[WhiteElo "2380"]
[BlackElo "2383"]
[PlyCount "95"]
[EventDate "2010.03.04"]
[EventType "tourn"]
[EventRounds "9"]
[EventCountry "RUS"]
[EventCategory "5"]
[SourceTitle "CBM 135 Extra"]
[Source "ChessBase"]
[SourceDate "2010.05.04"]
[SourceVersion "1"]
[SourceVersionDate "2010.05.04"]
[SourceQuality "1"]

1. e4 d6 2. d4 Nf6 3. f3 c5 4. dxc5 Qa5+ 5. Nc3 Qxc5 6. Qd3 g6 7. Be3 Qa5 8. Qb5+ Qxb5 9. Nxb5 Na6 10. Bxa7 Bg7 11. Be3 0-0 12. 0-0-0 Bd7 13. Nc3 Rfc8 14. Bxa6 Rxa6 15. Nge2 Be6 16. a3 Bc4 17. Rhe1 Nd7 18. Bd4 Ne5 19. Nf4 Bh6 20. Be3 Bg7 21. Nfd5 Kf8 22. Bd4 Bh6+ 23. Kb1 Nd7 24. h4 Nc5 25. Nb4 Ra5 26. Ncd5 Nd7 27. g4 e6 28. Ne3 Bf4 29. Nxc4 Rxc4 30. Be3 Bg3 31. Rh1 Ke7 32. Rh3 Be5 33. h5 Bg7 34. hxg6 hxg6 35. Rh7 Bf6 36. Bd2 Rb5 37. c3 Nf8 38. Rh2 Nd7 39. Be1 Ne5 40. Bg3 g5 41. Rhd2 Rc8 42. Rxd6 Nxf3 43. a4 Ra5 44. Rd7+ Ke8 45. Rxb7 Rxa4 46. Rd3 Ng1 47. Bd6 Ne2 48. e5 1-0

[Event "St Petersburg Ligovo"]
[Site "St Petersburg"]
[Date "2010.03.05"]
[Round "3"]
[White "Nadjezhdin, Dmitry"]
[Black "Khusenkhojaev, Muhammad"]
[Result "1/2-1/2"]
[WhiteElo "2383"]
[BlackElo "2385"]
[PlyCount "66"]
[EventDate "2010.03.04"]
[EventType "tourn"]
[EventRounds "9"]
[EventCountry "RUS"]
[EventCategory "5"]
[SourceTitle "CBM 135 Extra"]
[Source "ChessBase"]
[SourceDate "2010.05.04"]
[SourceVersion "1"]
[SourceVersionDate "2010.05.04"]
[SourceQuality "1"]

1. e4 e5 2. Nf3 Nc6 3. Bc4 Bc5 4. c3 Nf6 5. d3 a6 6. Bb3 Ba7 7. h3 d6 8. Nbd2 Ne7 9. Nf1 Ng6 10. Ng3 0-0 11. Nf5 d5 12. Qc2 c5 13. c4 Bxf5 14. exf5 e4 15. dxe4 dxe4 16. fxg6 exf3 17. gxh7+ Nxh7 18. gxf3 Ng5 19. Qf5 Re8+ 20. Kf1 Ne6 21. Bc2 Qh4 22. Be4 Rad8 23. Be3 Bb8 24. Bd5 Re7 25. Rg1 Rde8 26. Rc1 Bf4 27. Qg4 Qf6 28. Rc3 Bh2 29. Rg2 Be5 30. Rb3 Bxb2 31. Rxb7 Nc7 32. Be4 Qd6 33. Kg1 Be5 1/2-1/2

[Event "St Petersburg Ligovo"]
[Site "St Petersburg"]
[Date "2010.03.05"]
[Round "3"]
[White "Shkuran, Danylo"]
[Black "Nadjezhdin, Dmitry"]
[Result "1/2-1/2"]
[WhiteElo "2387"]
[BlackElo "2383"]
[PlyCount "28"]
[EventDate "2010.03.04"]
[EventType "tourn"]
[EventRounds "9"]
[EventCountry "RUS"]
[EventCategory "5"]
[SourceTitle "CBM 135 Extra"]
[Source "ChessBase"]
[SourceDate "2010.05.04"]
[SourceVersion "1"]
[SourceVersionDate "2010.05.04"]
[SourceQuality "1"]

1. e4 c6 2. d4 d5 3. Nc3 dxe4 4. Nxe4 Nd7 5. Ng5 Ngf6 6. Bd3 e6 7. N1f3 Bd6 8. Qe2 h6 9. Ne4 Nxe4 10. Qxe4 Nf6 11. Qe2 Qc7 12. 0-0 0-0 13. c3 c5 14. Be3 b6 1/2-1/2

[Event "Peterhof 08"]
[Site "Peterhof"]
[Date "2009.08.04"]
[Round "2"]
[White "Nadjezhdin, Dmitry"]
[Black "Lugovskoy, Maxim"]
[Result "1/2-1/2"]
[WhiteElo "2413"]
[BlackElo "2102"]
[PlyCount "40"]
[EventDate "2009.08.04"]
[EventType "tourn"]
[EventRounds "13"]
[EventCountry "RUS"]
[EventCategory "2"]
[SourceTitle "CBM 131 Extra"]
[Source "ChessBase"]
[SourceDate "2009.09.03"]
[SourceVersion "2"]
[SourceVersionDate "2009.09.16"]
[SourceQuality "1"]

1. c4 c6 2. Nf3 d5 3. d4 Nf6 4. e3 a6 5. Nbd2 b5 6. b3 Bg4 7. Be2 Nbd7 8. 0-0 e6 9. Qc2 Bf5 10. Bd3 Bxd3 11. Qxd3 Be7 12. e4 dxe4 13. Nxe4 0-0 14. Bf4 Qb6 15. Rfd1 Rfd8 16. Qe2 c5 17. d5 exd5 18. cxd5 Re8 19. Ng3 Bd6 20. Qd2 Ne4 1/2-1/2

[Event "Petrovskaya Ladya IM"]
[Site "Peterhof"]
[Date "2007.01.07"]
[Round "6"]
[White "Kaliberda, Vladimir"]
[Black "Nadjezhdin, Dmitry"]
[Result "0-1"]
[WhiteElo "2354"]
[BlackElo "2238"]
[PlyCount "40"]
[EventDate "2007.01.03"]
[EventType "tourn"]
[EventRounds "11"]
[EventCountry "RUS"]
[EventCategory "1"]
[SourceTitle "CBM 116 Extra"]
[Source "ChessBase"]
[SourceDate "2007.03.07"]
[SourceVersion "1"]
[SourceVersionDate "2007.03.07"]
[SourceQuality "1"]

1. c4 c5 2. Nf3 Nf6 3. g3 b6 4. Bg2 Bb7 5. 0-0 e6 6. Nc3 Be7 7. Re1 0-0 8. e4 d6 9. d4 cxd4 10. Nxd4 Qc7 11. b3 a6 12. Bb2 Nbd7 13. Qd2 Rfe8 14. h3 Rac8 15. g4 Ne5 16. Rac1 Qb8 17. f4 Nc6 18. Nde2 Bf8 19. g5 Nd7 20. h4 b5 0-1

[Event "St Petersburg Autumn op"]
[Site "St Petersburg"]
[Date "2006.11.05"]
[Round "6"]
[White "Utkin, Aleksey"]
[Black "Nadjezhdin, Dmitry"]
[Result "1-0"]
[WhiteElo "2374"]
[BlackElo "2238"]
[PlyCount "65"]
[EventDate "2006.10.31"]
[EventType "swiss"]
[EventRounds "9"]
[EventCountry "RUS"]
[SourceTitle "EXT 2007"]
[Source "ChessBase"]
[SourceDate "2006.11.23"]
[SourceVersion "1"]
[SourceVersionDate "2006.11.23"]
[SourceQuality "1"]

1. d4 d5 2. Nf3 Nf6 3. c4 c6 4. Nc3 a6 5. cxd5 cxd5 6. Bf4 Nc6 7. Rc1 e6 8. e3 Bd6 9. Bg3 Bxg3 10. hxg3 Qd6 11. Bd3 h6 12. a3 0-0 13. 0-0 e5 14. dxe5 Nxe5 15. Be2 Be6 16. Nd4 Rfd8 17. Qb3 b5 18. Rfd1 Rac8 19. Bf3 Qe7 20. Nce2 Rc4 21. Qa2 Rdc8 22. Qb1 Qa7 23. b3 R4c7 24. Nf4 Qb6 25. Rxc7 Rxc7 26. Rc1 Rxc1+ 27. Qxc1 Qd6 28. Ndxe6 fxe6 29. Qc8+ Kf7 30. b4 Ke7 31. Be2 Qc6 32. Ng6+ Kd6 33. Qb8+ 1-0

[Event "Petrovskaya Ladya A2"]
[Site "Peterhof"]
[Date "2006.08.16"]
[Round "5"]
[White "Malofeev, Alex"]
[Black "Nadjezhdin, Dmitry"]
[Result "0-1"]
[WhiteElo "2303"]
[BlackElo "2216"]
[PlyCount "124"]
[EventDate "2006.08.14"]
[EventType "tourn"]
[EventRounds "11"]
[EventCountry "RUS"]
[EventCategory "1"]
[SourceTitle "EXT 2007"]
[Source "ChessBase"]
[SourceDate "2006.11.23"]
[SourceVersion "1"]
[SourceVersionDate "2006.11.23"]
[SourceQuality "1"]

1. e4 d5 2. exd5 Qxd5 3. Nc3 Qa5 4. d4 Nf6 5. Nf3 c6 6. Ne5 Be6 7. Bc4 Bxc4 8. Nxc4 Qc7 9. Qf3 e6 10. Bf4 Qd8 11. Rd1 Be7 12. 0-0 0-0 13. Rfe1 Nbd7 14. Nd6 Bxd6 15. Bxd6 Re8 16. Bg3 Qb6 17. Na4 Qb4 18. Qb3 Qxb3 19. axb3 b6 20. c4 h6 21. h3 Nf8 22. Nc3 Red8 23. b4 Rd7 24. f3 Rad8 25. Bf2 b5 26. d5 cxd5 27. cxb5 Rb7 28. Ra1 Rdd7 29. Red1 Ng6 30. Ra5 e5 31. Bc5 d4 32. Ne4 Nd5 33. Nf2 Ngf4 34. Nd3 Nxd3 35. Rxd3 Nc7 36. Bxa7 Nxb5 37. Bc5 f6 38. Kf2 Kf7 39. h4 f5 40. Ke1 e4 41. Rd2 d3 42. g4 g6 43. gxf5 gxf5 44. fxe4 fxe4 45. Be3 h5 46. Ra6 Rd6 47. Rf2+ Ke6 48. Rxd6+ Nxd6 49. Bc5 Nf5 50. Kd2 Rb8 51. Rg2 Ra8 52. Kc3 Ra1 53. b5 Rc1+ 54. Kb4 Rc2 55. Rg1 d2 56. b6 Rc1 57. b7 Rxg1 58. b8Q d1Q 59. Qb6+ Nd6 60. Bxg1 Qd2+ 61. Ka3 Kd5 62. Be3 Qd3+ 0-1

[Event "Petrovskaya Ladya A2"]
[Site "Peterhof"]
[Date "2006.08.15"]
[Round "3"]
[White "Pogosian, Vladimir"]
[Black "Nadjezhdin, Dmitry"]
[Result "0-1"]
[WhiteElo "2241"]
[BlackElo "2216"]
[PlyCount "72"]
[EventDate "2006.08.14"]
[EventType "tourn"]
[EventRounds "11"]
[EventCountry "RUS"]
[EventCategory "1"]
[SourceTitle "CBM 113 Extra"]
[Source "ChessBase"]
[SourceDate "2006.09.14"]
[SourceVersion "1"]
[SourceVersionDate "2006.09.14"]
[SourceQuality "1"]

1. f4 d5 2. Nf3 g6 3. g3 Bg7 4. Bg2 Nf6 5. d3 c5 6. 0-0 Nc6 7. a3 0-0 8. Nc3 d4 9. Ne4 Nxe4 10. dxe4 b5 11. h3 Qb6 12. g4 Bb7 13. Kh1 Rad8 14. Qe1 c4 15. e5 d3 16. exd3 cxd3 17. Be3 Qc7 18. c3 Na5 19. Qf2 Rd7 20. Rad1 Nc4 21. Bd4 d2 22. b3 Nxa3 23. Rxd2 b4 24. cxb4 Nb5 25. Bc5 Nc3 26. Rxd7 Qxd7 27. Ng5 h6 28. Nf3 Ne4 29. Qe1 Rc8 30. Be3 Rc2 31. Bxa7 Qd3 32. Qd1 Qxb3 33. Qe1 Nd2 34. Rf2 Nxf3 35. Qd1 Rb2 36. Rxf3 Qxd1+ 0-1

[Event "St Petersburg-chT "]
[Site "St Petersburg"]
[Date "2003.??.??"]
[Round "7"]
[White "Nadjezhdin, Dmitry"]
[Black "Melnikov, Dmitry"]
[Result "0-1"]
[WhiteElo "2205"]
[BlackElo "2302"]
[PlyCount "104"]
[EventDate "2003.??.??"]
[EventType "team-tourn"]
[EventRounds "9"]
[EventCountry "RUS"]
[SourceTitle "EXT 2005"]
[Source "ChessBase"]
[SourceDate "2004.11.15"]
[SourceVersion "1"]
[SourceVersionDate "2004.11.15"]
[SourceQuality "1"]

1. d4 Nf6 2. Nf3 g6 3. g3 Bg7 4. Bg2 0-0 5. d5 c6 6. dxc6 Nxc6 7. 0-0 d5 8. Nc3 e5 9. Bg5 Be6 10. Nd2 h6 11. Bxf6 Bxf6 12. e4 d4 13. Nd5 Bg7 14. c4 dxc3 15. Nxc3 Nd4 16. h3 Rc8 17. Kh2 Kh8 18. Rc1 Qa5 19. a3 Rfd8 20. Qa4 Qxa4 21. Nxa4 Ne2 22. Rxc8 Rxc8 23. Re1 Nd4 24. Nc3 Bf8 25. Rc1 h5 26. h4 Bh6 27. Rd1 Bg4 28. f3 Bxd2 29. Rxd2 Bxf3 30. Rf2 Bxg2 31. Kxg2 Kg7 32. Rd2 Kf6 33. Kf2 Ke6 34. Ke3 Rc6 35. Ne2 Nxe2 36. Rxe2 f5 37. Rd2 Rd6 38. Rc2 Rc6 39. Rd2 Rc1 40. exf5+ gxf5 41. Rd8 Re1+ 42. Kf2 Rb1 43. Rd2 e4 44. Rc2 b6 45. a4 Kd5 46. Rd2+ Kc4 47. a5 bxa5 48. Rd7 Rxb2+ 49. Kf1 e3 50. Rxa7 Kd3 51. Rd7+ Kc4 52. Rf7 a4 0-1

[Event "St Petersburg-chT "]
[Site "St Petersburg"]
[Date "2003.??.??"]
[Round "4"]
[White "Nadjezhdin, Dmitry"]
[Black "Savinov, Leonid"]
[Result "1-0"]
[WhiteElo "2205"]
[BlackElo "2260"]
[PlyCount "79"]
[EventDate "2003.??.??"]
[EventType "team-tourn"]
[EventRounds "9"]
[EventCountry "RUS"]
[SourceTitle "EXT 2005"]
[Source "ChessBase"]
[SourceDate "2004.11.15"]
[SourceVersion "1"]
[SourceVersionDate "2004.11.15"]
[SourceQuality "1"]

1. e4 e5 2. Nf3 Nc6 3. Bc4 Be7 4. d4 d6 5. dxe5 Nxe5 6. Nxe5 dxe5 7. Qh5 g6 8. Qxe5 Nf6 9. Bh6 Qd6 10. Qxd6 cxd6 11. Nc3 Be6 12. Bb5+ Nd7 13. 0-0-0 0-0-0 14. Nd5 Bxd5 15. Bxd7+ Kxd7 16. Rxd5 Kc6 17. Rhd1 f6 18. Be3 b6 19. R1d3 Rhe8 20. f3 Rd7 21. a4 Bd8 22. Bf4 Bc7 23. Kd2 Red8 24. h4 Re8 25. g4 Re6 26. g5 Rf7 27. Bg3 Rf8 28. gxf6 Rexf6 29. Ke2 Re6 30. b4 Kd7 31. c4 Rf5 32. c5 bxc5 33. bxc5 Rxd5 34. Rxd5 Kc6 35. cxd6 Bd8 36. Rd3 Kd7 37. Rb3 a5 38. Rb7+ Kc6 39. Rxh7 Kc5 40. Rb7 1-0

[Event "St Petersburg-chT "]
[Site "St Petersburg"]
[Date "2003.??.??"]
[Round "5"]
[White "Utkin, Aleksey"]
[Black "Nadjezhdin, Dmitry"]
[Result "1-0"]
[WhiteElo "2334"]
[BlackElo "2205"]
[PlyCount "85"]
[EventDate "2003.??.??"]
[EventType "team-tourn"]
[EventRounds "9"]
[EventCountry "RUS"]
[SourceTitle "EXT 2005"]
[Source "ChessBase"]
[SourceDate "2004.11.15"]
[SourceVersion "1"]
[SourceVersionDate "2004.11.15"]
[SourceQuality "1"]

1. d4 Nf6 2. Nf3 d5 3. c4 dxc4 4. e3 g6 5. Bxc4 Bg7 6. 0-0 0-0 7. Nc3 Ne8 8. e4 Bg4 9. Be3 Nd6 10. Bb3 Nc6 11. e5 Nf5 12. Ne2 Bxf3 13. gxf3 Nb4 14. Ng3 Nd5 15. Nxf5 gxf5 16. Kh1 Kh8 17. Rg1 Qd7 18. Qe2 c6 19. Rg2 Rg8 20. Rag1 Rad8 21. Bc1 Qe6 22. Qd2 f6 23. Qa5 b6 24. Qxa7 fxe5 25. dxe5 Bxe5 26. Qxb6 Qd6 27. Rxg8+ Rxg8 28. Rxg8+ Kxg8 29. Qe3 Kg7 30. Bxd5 Qxd5 31. Qg5+ Kh8 32. Qxf5 Kg7 33. b3 Qd6 34. Qg4+ Kf7 35. Be3 Bf6 36. Qh5+ Ke6 37. Qxh7 Kd7 38. Qf5+ Kd8 39. Kg2 Qa3 40. Bb6+ Ke8 41. Qc2 Qd6 42. a4 Be5 43. Qf5 1-0